|
|
|
|
| LEADER |
00000nam2a2200000 4500 |
| 001 |
118125 |
| 005 |
20231101215441.0 |
| 035 |
|
|
|a (RuTPU)RU\TPU\book\127842
|
| 035 |
|
|
|a RU\TPU\book\127797
|
| 090 |
|
|
|a 118125
|
| 100 |
|
|
|a 20070608d2002 km y0rusy50 ca
|
| 101 |
0 |
|
|a chi
|
| 102 |
|
|
|a CN
|
| 105 |
|
|
|a y z 000zy
|
| 200 |
0 |
|
|a Т. 6 : Американская история после Второй мировой войны 1945-2000 гг.
|f Лю Сюи
|
| 210 |
|
|
|d 2002
|
| 215 |
|
|
|a 840 с.
|
| 300 |
|
|
|a Книга на китайском языке
|
| 461 |
|
1 |
|0 (RuTPU)RU\TPU\book\128356
|y 7-01-003644-6
|t История США
|v Т. 6 : Американская история после Второй мировой войны 1945-2000 гг.
|d 2002
|
| 606 |
1 |
|
|a США
|x История
|2 stltpush
|3 (RuTPU)RU\TPU\subj\69216
|9 84183
|
| 610 |
1 |
|
|a Америка
|
| 610 |
1 |
|
|a история
|
| 610 |
1 |
|
|a 20 век
|
| 610 |
1 |
|
|a ООН
|
| 610 |
1 |
|
|a НАТО
|
| 610 |
1 |
|
|a холодная война
|
| 610 |
1 |
|
|a Россия
|
| 686 |
|
|
|a Т3(7Сое)
|v LBC/SL-A
|2 rubbk
|
| 700 |
|
0 |
|a Лю Сюи
|
| 801 |
|
1 |
|a RU
|b 63413507
|c 20070608
|g PSBO
|
| 801 |
|
2 |
|a RU
|b 63413507
|c 20220601
|g PSBO
|
| 942 |
|
|
|c BK
|